Mari, ni est, ni ouest : Actes du colloque "Mari, ni Est ni Ouest" tenu les 20-22 octobre 2010 à Damas, Syrie /

محفوظ في:

مؤلفون آخرون: Butterlin, Pascal. (المحرر), Margueron, Jean. (المحرر), Muller, Béatrice. (المحرر), Maqdissi, Michel. (المحرر), Beyer, Dominique. (المحرر), Cavigneaux, Antoine. (المحرر)

التنسيق: كتاب

اللغة: French
English

منشور في: Beyrouth : Presses de l'IFPO, 2014.

سلاسل: Syria (Paris, France). Supplément ; 2.

الموضوعات:

الوسوم: إضافة وسم

لا توجد وسوم, كن أول من يضع وسما على هذه التسجيلة!

رقم الطلب: DS94.5 .S92 v.2/1-2

LEADER 01759nam a22003857a 4500
003 OSt
005 20260209074402.0
008 260209t2014 le ab b 100 0 fre d
020 |a 2351594053 
020 |a 9782351594056 
040 |c ARCE Library 
041 0 |a eng  |a fre  |b ara 
043 |a a-sy--- 
050 1 4 |a DS94.5  |b .S92 v.2/1-2 
245 0 0 |a Mari, ni est, ni ouest :   |b Actes du colloque "Mari, ni Est ni Ouest" tenu les 20-22 octobre 2010 à Damas, Syrie /  |c Pascal Butterlin, Jean-Claude Margueron, Béatrice Muller, Michel Al-Maqdissi, Dominique Beyer, Antoine Cavigneaux. 
264 1 |a Beyrouth :   |b Presses de l'IFPO,   |c 2014. 
300 |a 2 volumes (775 pages) :   |b illustrations, maps ;   |c 28 cm. 
490 1 |a Syria (Paris, France). Supplément ;   |v 2. 
504 |a Includes bibliographical references. 
505 0 |g volume 1 -- I  |t La ville circulaire et son espace -- II - Aspects géopolitiques -- III - Économie et administration palatiale --  |g volum 2 -- IV  |t Temples et tombes -- V - Approches culturelles et artistiques -- VI - Résumés en Arabe. 
546 |a In French or English with summaries in Arabic. 
555 |a aya 
650 0 |a Excavations (Archaeology)  |z Syria  |z Mari (Extinct city)  |v Congresses. 
651 0 |a Mari (Extinct city)  |x Antiquities  |v Congresses. 
700 1 |a Butterlin, Pascal.   |e editor  |9 27601 
700 1 |a Margueron, Jean.   |e editor 
700 1 |a Muller, Béatrice.   |e editor 
700 1 |a Maqdissi, Michel.   |e editor 
700 1 |a Beyer, Dominique.   |e editor 
700 1 |a Cavigneaux, Antoine.   |e editor 
710 2 |a Institut français d'archéologie du Proche-Orient,   |e issuing body. 
830 0 |a Syria (Paris, France). Supplément ;   |v 2. 
901 |a reviewed 
942 |c BK  |2 lcc 
999 |c 22648  |d 22648